000 00502nam a22001817a 4500
005 20251108164129.0
008 250721s9999 xx 000 0 ara d
082 1 4 _a301.15/مور
100 1 _aموروا، اندريه
245 1 0 _aفن الحياة /
264 1 _aالقاهرة :
_bدار الهلال،
_c[19-].
300 _a290ص
490 0 _aكتاب الهلال
650 1 7 _aعلم الإجتماع
700 1 _aفتحي، أحمد
_eترجمة
942 _2ddc
_cBK
999 _c4382
_d4382